[Event "Tournoi de rentrée UST"]
[Site "Equeurdreville"]
[Date "2012.09.30"]
[Round "4"]
[White "Lemonnier, Pascal"]
[Black "Seignat, Florian"]
[Result "0-1"]
[WhiteElo "1420"]
[BlackElo "1652"]
[PlyCount "116"]
[EventDate "2012.09.29"]
[EventRounds "5"]
[EventCountry "FRA"]
[SourceDate "2005.09.12"]
[TimeControl "240+2"]

{460MB, Rybka3Gen.ctg} 1. e4 d5 2. exd5 Nf6 3. Nc3 Nxd5 4. Nxd5 Qxd5 5. Nf3 Bg4
6. Be2 Nc6 7. h3 Bh5 8. O-O O-O-O 9. b3 e5 10. Bc4 Qd7 11. Re1 Bd6 12. Bb2 Rhe8
13. Bd3 f5 14. Be2 h6 15. Nh2 Bf7 16. d3 g5 17. Qd2 e4 18. Kh1 Bf4 19. Qd1 Qd6
20. g3 Be5 21. Bxe5 Qxe5 22. Bh5 Qd5 23. Bxf7 Qxf7 24. Qd2 Qd5 25. Kg1 Rg8 26.
Qe3 Rge8 27. Rad1 exd3 28. Qxe8 Rxe8 29. Rxe8+ Kd7 30. Rxd3 Nd4 31. Ree3 Kc6
32. c3 Ne2+ 33. Kf1 Nxg3+ 34. Rxg3 Qh1+ 35. Ke2 Qxh2 36. Rge3 Kb6 37. Rd4 c5
38. Re6+ Kb5 39. a4+ Ka5 40. b4+ Kxa4 41. bxc5+ Kb3 42. c6 bxc6 43. c4 c5 44.
Rd3+ Kxc4 45. Ree3 Qf4 46. Rc3+ Kd5 47. Rcd3+ Kc6 48. Re6+ Kb5 49. Rb3+ Ka4 50.
Rbe3 a5 51. Rxh6 Qd4 52. h4 gxh4 53. Rg6 c4 54. Rg1 Qb2+ 55. Kf3 c3 56. Rh1 c2
57. Rxh4+ Kb5 58. Re5+ Qxe5 0-1

[Event "Tournoi de rentrée UST"]
[Site "Equeurdreville"]
[Date "2012.09.29"]
[Round "2"]
[White "Doris, Nicolas"]
[Black "Raynaud, Christophe"]
[Result "0-1"]
[WhiteElo "1790"]
[BlackElo "1839"]
[PlyCount "50"]
[EventDate "2012.09.29"]
[EventRounds "5"]
[EventCountry "FRA"]
[SourceDate "2005.09.12"]

1. d4 Nf6 2. Nf3 e6 3. Nbd2 d5 4. e3 c5 5. b3 cxd4 6. exd4 Nc6 7. Bb2 Bd6 8.
Ne5 O-O 9. f4 Qb6 10. Ndf3 Ne4 11. c3 f6 12. Nxc6 bxc6 13. g3 e5 14. Qc1 exf4
15. gxf4 Re8 16. Be2 Qc7 17. Qc2 Bxf4 18. Bc1 Bh3 19. Bxf4 Qxf4 20. Rg1 Qe3 21.
Qd3 Qf2+ 22. Kd1 Nxc3+ 23. Qxc3 Qxe2+ 24. Kc1 Re3 25. Qxc6 Rc8 0-1

[Event "Tournoi de rentrée UST"]
[Site "Equeurdreville"]
[Date "2012.09.29"]
[Round "2"]
[White "Benard, Anne Laurie"]
[Black "Althoffer, Cyrille"]
[Result "1-0"]
[WhiteElo "1890"]
[BlackElo "1923"]
[PlyCount "85"]
[EventDate "2012.09.29"]
[EventRounds "5"]
[EventCountry "FRA"]
[SourceDate "2005.09.12"]

1. e4 c5 2. Nc3 e6 3. Nf3 Nc6 4. g3 e5 5. Bg2 d6 6. O-O Nf6 7. d3 Be7 8. Rb1
O-O 9. a3 Nd4 10. Nd2 Be6 11. b4 cxb4 12. Rxb4 Rc8 13. Ndb1 b6 14. Be3 Nc6 15.
Rb5 Ng4 16. Nd5 Nxe3 17. Nxe3 Qd7 18. c3 Bg5 19. f4 exf4 20. gxf4 Bh6 21. Rb2
Ne5 22. Qe2 Bg4 23. Nxg4 Nxg4 24. Bh3 f5 25. exf5 Nf6 26. Qe6+ Rf7 27. Re2 Qc7
28. Bg2 Kf8 29. Ree1 Rd8 30. d4 g6 31. fxg6 hxg6 32. Qh3 Kg7 33. Qh4 Rdd7 34.
Bf3 Nh7 35. Bd5 Rf6 36. Re4 g5 37. Re8 Nf8 38. fxg5 Bxg5 39. Qh5 Rh6 40. Qe2
Rd8 41. Kh1 Ng6 42. Rg1 Bf4 43. Re7+ 1-0

[Event "Tournoi de rentrée UST"]
[Site "Equeurdreville"]
[Date "2012.09.30"]
[Round "5"]
[White "Raynaud, Christophe"]
[Black "Lemonnier, Pascal"]
[Result "1-0"]
[WhiteElo "1839"]
[BlackElo "1420"]
[PlyCount "27"]
[EventDate "2012.09.29"]
[EventRounds "5"]
[EventCountry "FRA"]
[SourceDate "2005.09.12"]
[TimeControl "240+2"]

{460MB, Rybka3Gen.ctg} 1. e4 {[%emt 0:00:00]} e5 2. Nf3 Nf6 3. d4 d5 4. dxe5
Nxe4 5. Bd3 Bf5 6. O-O Bc5 7. Bxe4 Bxe4 8. Nc3 Bxf3 9. Qxf3 c6 10. Qg3 Rg8 11.
Re1 Qc7 12. Qh3 h6 13. e6 Qe7 14. exf7+ 1-0

[Event "Tournoi de rentrée UST"]
[Site "Equeurdreville"]
[Date "2012.09.30"]
[Round "5"]
[White "Doris, Nicolas"]
[Black "Bavinckhove, Zoltan"]
[Result "1-0"]
[WhiteElo "1790"]
[BlackElo "1430"]
[PlyCount "123"]
[EventDate "2012.09.29"]
[EventRounds "5"]
[EventCountry "FRA"]
[SourceDate "2005.09.12"]
[TimeControl "240+2"]

{460MB, Rybka3Gen.ctg} 1. d4 d5 2. Nf3 Nc6 3. e3 Bg4 4. c4 Nf6 5. Nc3 dxc4 6.
Bxc4 e6 7. O-O Bb4 8. Bd2 e5 9. Qb3 Bxf3 10. Bxf7+ Kf8 11. gxf3 Qe7 12. a3 Bxc3
13. bxc3 Qxf7 14. Qxb7 Qe8 15. Qxc7 Rc8 16. Qb7 exd4 17. cxd4 h6 18. Rfc1 Kg8
19. Kh1 Kh7 20. Rg1 Rg8 21. Rg2 Qh5 22. Rg3 Qe8 23. Rag1 Qf8 24. Qb5 Qxa3 25.
Rxg7+ Rxg7 26. Qf5+ Kg8 27. Qxc8+ Kf7 28. Rxg7+ Kxg7 29. Qxc6 Qd3 30. Qc7+ Kg6
31. Qg3+ Kf7 32. Qc7+ Kg8 33. Qg3+ Kh7 34. Ba5 Qf1+ 35. Qg1 Qh3 36. Qg2 Qc8 37.
Qg3 Nh5 38. Qc7+ Qxc7 39. Bxc7 Kg6 40. e4 Kf6 41. d5 Ke7 42. Be5 Kd7 43. Kg1
Ke7 44. Kf1 Nf6 45. Bxf6+ Kxf6 46. Ke1 Ke5 47. f4+ Kd6 48. Kd2 a6 49. Kc3 a5
50. Kc4 h5 51. e5+ Kd7 52. Kb5 a4 53. Kxa4 h4 54. h3 Ke7 55. f5 Kf7 56. Kb5 Ke7
57. f6+ Kf7 58. Kc6 Ke8 59. e6 Kd8 60. d6 Ke8 61. d7+ Kd8 62. e7# 1-0

[Event "Tournoi de rentrée UST"]
[Site "Equeurdreville"]
[Date "2012.09.30"]
[Round "5"]
[White "Castel, Nathan"]
[Black "Masson, Titouan"]
[Result "0-1"]
[WhiteElo "1100"]
[BlackElo "1199"]
[PlyCount "54"]
[EventDate "2012.09.29"]
[EventRounds "5"]
[EventCountry "FRA"]
[SourceDate "2005.09.12"]
[TimeControl "240+2"]

{460MB, Rybka3Gen.ctg} 1. e4 e5 2. Nf3 Nc6 3. Nc3 Bb4 4. Bb5 a6 5. O-O axb5 6.
Nxb5 Nf6 7. Qe2 O-O 8. d4 d5 9. exd5 Qxd5 10. Bg5 Rxa2 11. Rad1 Rxb2 12. Bxf6
e4 13. Nh4 Bc3 14. Nxc7 Qd7 15. Bg5 Nxd4 16. Qxe4 Qxc7 17. Nf3 Nxf3+ 18. Qxf3
Rxc2 19. Qd3 Ba5 20. Bf4 Qxf4 21. Qxc2 Bg4 22. Rfe1 Bxd1 23. Rxd1 Rd8 24. Re1
Bxe1 25. Qd1 Rxd1 26. Kf1 Qc4+ 27. Kg1 Ba5# 0-1

[Event "Tournoi de rentrée UST"]
[Site "Equeurdreville"]
[Date "2012.09.30"]
[Round "5"]
[White "Masson, Margot"]
[Black "Verbeke, Amandine"]
[Result "1-0"]
[WhiteElo "1300"]
[BlackElo "1199"]
[PlyCount "71"]
[EventDate "2012.09.29"]
[EventRounds "5"]
[EventCountry "FRA"]
[SourceDate "2005.09.12"]
[TimeControl "240+2"]

{460MB, Rybka3Gen.ctg} 1. e4 {[%emt 0:00:00]} e5 2. Nf3 Nc6 3. Bc4 Bc5 4. d3
Nf6 5. Nc3 O-O 6. O-O d6 7. Bg5 Qe7 8. Nd5 Bg4 9. Nxe7+ Nxe7 10. Bxf6 gxf6 11.
h3 Ng6 12. hxg4 Rae8 13. Bb5 Rd8 14. d4 exd4 15. Nxd4 c6 16. Ba4 Rde8 17. Re1
Nf4 18. Qd2 Ne6 19. Nxe6 Rxe6 20. Bb3 Re7 21. g5 fxg5 22. Qxg5+ Kh8 23. Qxe7 d5
24. exd5 Bxe7 25. Rxe7 cxd5 26. Bxd5 b6 27. Rxf7 Rxf7 28. Bxf7 b5 29. Re1 h5
30. Bxh5 Kg8 31. Re7 Kf8 32. Rxa7 b4 33. a4 Kg8 34. Rb7 Kf8 35. a5 Kg8 36. a6
1-0

[Event "Tournoi de rentrée UST"]
[Site "Equeurdreville"]
[Date "2012.09.30"]
[Round "5"]
[White "Bavinckhove, Myrial"]
[Black "Benard, Anne Laurie"]
[Result "0-1"]
[WhiteElo "1475"]
[BlackElo "1890"]
[PlyCount "33"]
[EventDate "2012.09.29"]
[EventRounds "5"]
[EventCountry "FRA"]
[SourceDate "2005.09.12"]
[TimeControl "240+2"]

{460MB, Rybka3Gen.ctg} 1. d4 Nf6 2. Nc3 d5 3. e4 dxe4 4. f3 exf3 5. Nxf3 e6 6.
Bg5 Be7 7. Bd3 Nc6 8. Ne2 Nd7 9. Qd2 Nb4 10. Be4 h6 11. Bxe7 Qxe7 12. c3 Nd5
13. Nf4 O-O 14. O-O Qd6 15. Nh5 f5 16. Bd3 N5f6 17. Nf4 {partie non
reconstituable} 0-1

[Event "Tournoi de rentrée UST"]
[Site "Equeurdreville"]
[Date "2012.09.30"]
[Round "5"]
[White "Vanneste, Axel"]
[Black "Hereus, Daniel"]
[Result "0-1"]
[WhiteElo "1199"]
[BlackElo "1610"]
[PlyCount "72"]
[EventDate "2012.09.29"]
[EventRounds "5"]
[EventCountry "FRA"]
[SourceDate "2005.09.12"]
[TimeControl "240+2"]

{460MB, Rybka3Gen.ctg} 1. e4 d5 2. exd5 Qxd5 3. Nc3 Qa5 4. d4 Nf6 5. Nf3 Bg4 6.
Be2 Nbd7 7. Qd3 O-O-O 8. Bd2 Bf5 9. Qe3 e6 10. Nb5 Qb6 11. O-O a6 12. a4 axb5
13. Bxb5 Nd5 14. Bxd7+ Rxd7 15. Qe5 f6 16. Qe2 Bd6 17. Qb5 Qxb5 18. axb5 c6 19.
bxc6 bxc6 20. Ra8+ Bb8 21. Rfa1 Rb7 22. c4 Nb6 23. R8a5 Nxc4 24. Rc5 Nxd2 25.
Nxd2 Kd7 26. Nc4 Ba7 27. Rca5 Bxd4 28. Ra8 Rxa8 29. Rxa8 Bd3 30. Ra4 Bxc4 31.
Rxc4 Bxb2 32. Rh4 Be5 33. g3 h6 34. f4 Bd4+ 35. Kg2 f5 36. Rh5 c5 0-1

[Event "Tournoi de rentrée UST"]
[Site "Equeurdreville"]
[Date "2012.09.30"]
[Round "5"]
[White "Seignat, Florian"]
[Black "Althoffer, Cyrille"]
[Result "0-1"]
[WhiteElo "1652"]
[BlackElo "1923"]
[PlyCount "72"]
[EventDate "2012.09.29"]
[EventRounds "5"]
[EventCountry "FRA"]
[SourceDate "2005.09.12"]
[TimeControl "240+2"]

{460MB, Rybka3Gen.ctg} 1. d4 d5 2. e4 c6 3. f3 e6 4. Nc3 Nf6 5. Be3 Bb4 6. Bd3
a6 7. Nge2 Nbd7 8. O-O c5 9. a3 cxd4 10. Bxd4 Bc5 11. Qe1 Bxd4+ 12. Nxd4 Qb6
13. Nce2 e5 14. exd5 O-O 15. c4 exd4 16. b4 Ne5 17. Rd1 Nxc4 18. Bxc4 d3+ 19.
Kh1 dxe2 20. Qxe2 Re8 21. Qa2 Qd6 22. Qf2 Bd7 23. Bb3 Rac8 24. Qd4 Qe5 25. Bc4
Qxd4 26. Rxd4 Rxc4 27. Rxc4 Bb5 28. Rcc1 Bxf1 29. Rxf1 Nxd5 30. Kg1 g6 31. Kf2
Rc8 32. Kg3 b5 33. Kh3 Rc3 34. Ra1 Nb6 35. Kg4 Nc4 36. a4 Ra3 0-1

[Event "LIII Festival A"]
[Site "Imperia "]
[Date "2011.09.04"]
[Round "1"]
[White "Angelini, Marco"]
[Black "Noli, Giovanni"]
[Result "1/2-1/2"]
[WhiteElo "2200"]
[BlackElo "1915"]
[PlyCount "56"]
[EventDate "2011.09.09"]
[EventType "swiss"]
[EventRounds "9"]
[EventCountry "ITA"]
[SourceDate "2005.09.12"]

1. e4 c6 2. d4 d5 3. e5 c5 4. Nc3 Bf5 5. dxc5 e6 6. Be3 Nc6 7. Bb5 Qc7 8. f4 a6
9. Ba4 Be7 10. Nf3 Bg4 11. O-O Nh6 12. b4 Nf5 13. Bd4 O-O 14. Bxc6 Qxc6 15. Ne2
Rfc8 16. c3 Bd8 17. h3 Bxf3 18. Rxf3 b6 19. Kh2 a5 20. a4 b5 21. axb5 Qxb5 22.
Qd3 Qxd3 23. Rxd3 axb4 24. Rxa8 Rxa8 25. cxb4 Ra2 26. Nc1 Rc2 27. Nb3 Kf8 28.
Rc3 Nxd4 1/2-1/2

[Event "LIII Festival A"]
[Site "Imperia "]
[Date "2011.09.04"]
[Round "1"]
[White "Beccaris, Gabriele"]
[Black "Palit, Somak"]
[Result "0-1"]
[WhiteElo "2037"]
[BlackElo "2363"]
[PlyCount "76"]
[EventDate "2011.09.09"]
[EventType "swiss"]
[EventRounds "9"]
[EventCountry "ITA"]
[SourceDate "2005.09.12"]

1. e4 b6 2. d4 Bb7 3. Bd3 e6 4. Nf3 d6 5. O-O Nd7 6. c4 g6 7. Nc3 Bg7 8. Re1
Ne7 9. Bd2 O-O 10. Rc1 h6 11. a3 e5 12. d5 f5 13. b4 g5 14. exf5 Nxf5 15. h3
Nd4 16. Nh2 Nf6 17. Ng4 Bc8 18. Nxf6+ Qxf6 19. Ne4 Qf7 20. Be3 Bf5 21. Ng3 Bd7
22. Qh5 Qxh5 23. Nxh5 Bh8 24. Bxd4 exd4 25. Re7 Rf7 26. Rxf7 Kxf7 27. c5 bxc5
28. bxc5 dxc5 29. Rxc5 Be5 30. Ng3 Rb8 31. Nf5 Rb3 32. Nxh6+ Kg7 33. Nf5+ Kf6
34. Bc2 Rxa3 35. Ng3 d3 36. Bb1 Bxg3 37. fxg3 d2 38. Bc2 Ba4 0-1

[Event "LIII Festival A"]
[Site "Imperia "]
[Date "2011.09.04"]
[Round "1"]
[White "Cavatorta, Fosco"]
[Black "Vezzani, Stefano"]
[Result "1/2-1/2"]
[WhiteElo "1905"]
[BlackElo "2183"]
[PlyCount "92"]
[EventDate "2011.09.09"]
[EventType "swiss"]
[EventRounds "9"]
[EventCountry "ITA"]
[SourceDate "2005.09.12"]

1. d4 f5 2. Bf4 Nf6 3. e3 e6 4. Nf3 b6 5. Bd3 Bb7 6. O-O Be7 7. c4 O-O 8. Nc3
Ne4 9. Nd2 Nxc3 10. bxc3 d6 11. f3 e5 12. Bg3 Nd7 13. Qc2 g6 14. c5 Bf6 15.
cxd6 cxd6 16. Nc4 Qc7 17. Rac1 Rac8 18. e4 f4 19. Bf2 Kg7 20. Qb3 Rfe8 21. Qa3
Be7 22. Qb2 Nf8 23. d5 Nd7 24. Qa3 Nc5 25. Bxc5 Qxc5+ 26. Rf2 Qxa3 27. Nxa3 Rc5
28. Rb2 Rec8 29. c4 Ra5 30. Nb1 Ba6 31. Nd2 Rac5 32. Rcb1 Bd8 33. Kf2 h5 34.
Nb3 R5c7 35. Nd2 g5 36. Be2 Rf7 37. a4 Ra8 38. Nb3 Bc8 39. h3 Kg6 40. Nd2 Bd7
41. Ra1 Rh7 42. Rbb1 g4 43. fxg4 Bh4+ 44. Kg1 hxg4 45. hxg4 Rah8 46. Bf3 Bd8
1/2-1/2

[Event "LIII Festival A"]
[Site "Imperia "]
[Date "2011.09.04"]
[Round "1"]
[White "Cugini, Werter"]
[Black "Saptarshi, Roy"]
[Result "0-1"]
[WhiteElo "2053"]
[BlackElo "2385"]
[PlyCount "46"]
[EventDate "2011.09.09"]
[EventType "swiss"]
[EventRounds "9"]
[EventCountry "ITA"]
[SourceDate "2005.09.12"]

1. e4 e5 2. Nf3 Nc6 3. d4 exd4 4. Nxd4 Bc5 5. Be3 Qf6 6. c3 d6 7. g3 h5 8. Bg2
h4 9. O-O Bd7 10. Nxc6 Bxc6 11. Bxc5 dxc5 12. Na3 Qh6 13. f4 hxg3 14. hxg3 Rd8
15. Qe2 Qh2+ 16. Kf2 Rh3 17. Rh1 Qxg3+ 18. Kg1 Rxh1+ 19. Kxh1 Nf6 20. e5 Ng4
21. Bxc6+ bxc6 22. Rf1 Qh3+ 23. Kg1 Rd3 0-1

[Event "LIII Festival A"]
[Site "Imperia "]
[Date "2011.09.04"]
[Round "1"]
[White "De Barberis, Massimo"]
[Black "Ivanov, Jordan"]
[Result "0-1"]
[WhiteElo "2093"]
[BlackElo "2398"]
[PlyCount "44"]
[EventDate "2011.09.09"]
[EventType "swiss"]
[EventRounds "9"]
[EventCountry "ITA"]
[SourceDate "2005.09.12"]

1. e4 c5 2. Nf3 e6 3. c3 Nf6 4. e5 Nd5 5. d4 cxd4 6. cxd4 d6 7. Nc3 Nxc3 8.
bxc3 Qc7 9. Bd2 Nd7 10. Bd3 dxe5 11. O-O Bd6 12. Re1 h6 13. dxe5 Nxe5 14. Nxe5
Bxe5 15. Qh5 Bd6 16. Bb5+ Kf8 17. Re4 a6 18. Ba4 Bd7 19. Bb3 Bc6 20. Rg4 Rd8
21. Bg5 Re8 22. Rd1 Bxh2+ 0-1

[Event "LIII Festival A"]
[Site "Imperia "]
[Date "2011.09.04"]
[Round "1"]
[White "Delseny, Serge"]
[Black "Jurek, Josef"]
[Result "0-1"]
[WhiteElo "1997"]
[BlackElo "2337"]
[PlyCount "54"]
[EventDate "2011.09.09"]
[EventType "swiss"]
[EventRounds "9"]
[EventCountry "ITA"]
[SourceDate "2005.09.12"]

1. c4 Nf6 2. g3 c6 3. Bg2 d5 4. Nf3 dxc4 5. Qc2 b5 6. a4 Bb7 7. b3 cxb3 8. Qxb3
a6 9. Ba3 Nbd7 10. O-O g6 11. Ng5 e6 12. Bh3 Bxa3 13. Bxe6 fxe6 14. Rxa3 Qe7
15. Nxe6 Nd5 16. e4 Qxe6 17. exd5 cxd5 18. Qb4 d4 19. f3 Kf7 20. axb5 axb5 21.
Kf2 Qd5 22. Re1 Rhe8 23. Rxe8 Rxe8 24. Qb3 Nc5 25. Qxd5+ Bxd5 26. Ra7+ Kf6 27.
Na3 Nd3+ 0-1

[Event "LIII Festival A"]
[Site "Imperia "]
[Date "2011.09.04"]
[Round "1"]
[White "Dolezal, Radoslav jr"]
[Black "Formento, Paolo"]
[Result "1-0"]
[WhiteElo "2393"]
[BlackElo "2068"]
[PlyCount "57"]
[EventDate "2011.09.09"]
[EventType "swiss"]
[EventRounds "9"]
[EventCountry "ITA"]
[SourceDate "2005.09.12"]

1. d4 Nf6 2. c4 a6 3. Nc3 c5 4. e3 g6 5. Nf3 Bg7 6. dxc5 Qa5 7. Qa4 Qxc5 8. b4
Qc7 9. Bb2 O-O 10. Rc1 d6 11. Nd5 Nxd5 12. cxd5 Qd8 13. Bxg7 Kxg7 14. Nd4 e5
15. dxe6 fxe6 16. Be2 e5 17. Nb3 Bd7 18. Qa5 Qg5 19. O-O Bc6 20. g3 Qf5 21. b5
Bd5 22. Nd2 Nd7 23. bxa6 Nf6 24. Rc7+ Kh8 25. Qb4 h5 26. axb7 Rab8 27. Qxd6 Qh3
28. e4 Bxb7 29. Qe7 1-0

[Event "LIII Festival A"]
[Site "Imperia "]
[Date "2011.09.04"]
[Round "1"]
[White "Dubois, Martine"]
[Black "Zach, Andreas"]
[Result "0-1"]
[WhiteElo "2017"]
[BlackElo "2344"]
[PlyCount "117"]
[EventDate "2011.09.09"]
[EventType "swiss"]
[EventRounds "9"]
[EventCountry "ITA"]
[SourceDate "2005.09.12"]

1. e4 e6 2. Nf3 d5 3. Nc3 Nf6 4. e5 Nfd7 5. d4 c5 6. dxc5 Nc6 7. Bf4 Bxc5 8.
Bd3 a6 9. O-O h6 10. h4 b5 11. Re1 Be7 12. h5 Nc5 13. Bf1 Bb7 14. a3 Qb6 15. b4
Nd7 16. Bd3 Nd4 17. Nxd4 Qxd4 18. Qd2 Qb6 19. Ne2 Rc8 20. Be3 Qc7 21. f4 Nb6
22. Bd4 Nc4 23. Qc1 O-O 24. c3 f5 25. exf6 Bxf6 26. Bb1 Nd6 27. Qe3 Ne4 28.
Bxe4 dxe4 29. Rac1 e5 30. Bxe5 Bxe5 31. fxe5 Qxe5 32. Ng3 Rfd8 33. Re2 Rc4 34.
Qb6 Rd7 35. Qg6 Rd3 36. Nf5 Qf6 37. Rf1 Qg5 38. Qxg5 hxg5 39. Ne7+ Kh7 40. Rf7
Bc8 41. Rf8 Bg4 42. Ref2 e3 43. R2f6 Bxh5 44. Re6 Rd1+ 45. Kh2 e2 46. Ng6 Bxg6
47. Rxe2 Rh4+ 48. Kg3 Rd3+ 49. Rf3 Rc4 50. Re6 Rcxc3 51. Rxa6 Bh5 52. Rxd3
Rxd3+ 53. Kf2 Bd1 54. Rc6 Rxa3 55. Rc5 Ra2+ 56. Kg1 Be2 57. Rxg5 Bc4 58. g4 Rb2
59. Re5 0-1

[Event "LIII Festival A"]
[Site "Imperia "]
[Date "2011.09.04"]
[Round "1"]
[White "Efimov, Igor"]
[Black "Cani, Gazmir"]
[Result "0-1"]
[WhiteElo "2430"]
[BlackElo "2140"]
[PlyCount "108"]
[EventDate "2011.09.09"]
[EventType "swiss"]
[EventRounds "9"]
[EventCountry "ITA"]
[SourceDate "2005.09.12"]

1. Nf3 Nf6 2. c4 g6 3. Nc3 d5 4. cxd5 Nxd5 5. Qa4+ Nc6 6. Ne5 Qd6 7. Nxc6 Qxc6
8. Qd4 Nxc3 9. dxc3 f6 10. e4 Be6 11. Be3 Bg7 12. Qb4 O-O 13. Bb5 a5 14. Qa4
Qd6 15. Rd1 Qe5 16. f4 Qh5 17. Bc4 Bf7 18. O-O Bxc4 19. Qxc4+ Kh8 20. Qxc7 Qe2
21. Qb6 Qc4 22. Rd4 Qxa2 23. f5 e5 24. fxe6 Rae8 25. c4 f5 26. exf5 gxf5 27.
Qxb7 Rxe6 28. Rd7 Qxb2 29. Qxb2 Bxb2 30. Bc5 Rc8 31. Rxf5 Re1+ 32. Kf2 Re5 33.
Rxe5 Bxe5 34. Rd5 Rxc5 35. Rd8+ Kg7 36. h3 Rxc4 37. Ra8 a4 38. Ke3 Bb2 39. Ra7+
Kg6 40. Ra5 Bf6 41. g4 Rb4 42. Kf3 Rb3+ 43. Kf4 Rb4+ 44. Kf3 Kf7 45. Ra7+ Be7
46. h4 Rb3+ 47. Kf4 a3 48. g5 Rb4+ 49. Kg3 Rb2 50. h5 a2 51. Kg4 Ke6 52. Ra6+
Kf7 53. Ra7 Re2 54. g6+ hxg6 0-1

[Event "LIII Festival A"]
[Site "Imperia "]
[Date "2011.09.04"]
[Round "1"]
[White "Faraci, Antonino"]
[Black "Sejkora, Vlastimil"]
[Result "0-1"]
[WhiteElo "1983"]
[BlackElo "2221"]
[PlyCount "70"]
[EventDate "2011.09.09"]
[EventType "swiss"]
[EventRounds "9"]
[EventCountry "ITA"]
[SourceDate "2005.09.12"]

1. c4 g6 2. Nf3 Bg7 3. Nc3 Nf6 4. d3 d6 5. g3 c6 6. Bg2 e5 7. O-O Qe7 8. e4 O-O
9. b3 h6 10. d4 Bg4 11. dxe5 dxe5 12. a4 Rd8 13. Qc2 a5 14. Ba3 Qc7 15. Rad1
Na6 16. h3 Bxf3 17. Bxf3 Bf8 18. Bxf8 Kxf8 19. Qc1 Kg7 20. Qe3 Nb4 21. Qe2 Nd7
22. Qb2 Nc5 23. Be2 Rxd1 24. Rxd1 Rd8 25. Qb1 Ne6 26. Kf1 Nd4 27. Rd2 Qb6 28.
Bd1 Na6 29. Kg2 Nc5 30. Qb2 f6 31. f4 Qc7 32. b4 axb4 33. Qxb4 Qd6 34. Qb2 exf4
35. Ne2 f3+ 0-1

[Event "LIII Festival A"]
[Site "Imperia "]
[Date "2011.09.04"]
[Round "1"]
[White "Gastaldello, Lorenzo"]
[Black "Pepino, Enrico"]
[Result "0-1"]
[WhiteElo "1880"]
[BlackElo "2168"]
[PlyCount "80"]
[EventDate "2011.09.09"]
[EventType "swiss"]
[EventRounds "9"]
[EventCountry "ITA"]
[SourceDate "2005.09.12"]

1. Nf3 Nf6 2. g3 g6 3. Bg2 Bg7 4. O-O O-O 5. d4 c5 6. d5 d6 7. c4 b5 8. cxb5 a6
9. bxa6 Bxa6 10. Re1 Nbd7 11. Nc3 Qb6 12. h3 Ne8 13. Qc2 Nc7 14. e4 Rfb8 15.
Rb1 Nb5 16. Nxb5 Bxb5 17. Ra1 Ba4 18. Qe2 Rb7 19. Bf1 Qa7 20. Kg2 Rab8 21. Qa6
Qxa6 22. Bxa6 Rb6 23. Bd3 Bxb2 24. Rb1 Bf6 25. Bd2 c4 26. Be3 cxd3 27. Bxb6 Bc2
28. Rb5 Nxb6 29. Rc1 Kg7 30. Nd2 h5 31. f4 Bd4 32. Kf3 Ra8 33. e5 Rxa2 34. Ke4
Ra4 35. Kf3 Nc4 36. Nf1 dxe5 37. fxe5 Nxe5+ 38. Kg2 Nc4 39. d6 Nxd6 40. Rd5 Nf5
0-1

[Event "LIII Festival A"]
[Site "Imperia "]
[Date "2011.09.04"]
[Round "1"]
[White "Ianniello, Riccardo"]
[Black "Djuric, Stefan"]
[Result "0-1"]
[WhiteElo "2140"]
[BlackElo "2463"]
[PlyCount "96"]
[EventDate "2011.09.09"]
[EventType "swiss"]
[EventRounds "9"]
[EventCountry "ITA"]
[SourceDate "2005.09.12"]

1. e4 c5 2. Nf3 e6 3. Nc3 a6 4. d4 cxd4 5. Nxd4 Nc6 6. Nxc6 bxc6 7. Be2 d5 8.
exd5 cxd5 9. O-O Bd6 10. Bf3 Nf6 11. g3 O-O 12. Be3 Rb8 13. b3 Qc7 14. Ne2 e5
15. c3 h6 16. Bg2 Bb7 17. h3 Rfe8 18. Kh2 Rbd8 19. Rc1 a5 20. Re1 Ba6 21. Bf1
Bc5 22. Ng1 Bxf1 23. Rxf1 Bxe3 24. fxe3 Ne4 25. Qe1 Qc5 26. Qe2 Re6 27. Qd3 Qc8
28. c4 Qa8 29. Rcd1 Red6 30. c5 Rg6 31. Ne2 Qc8 32. Rc1 h5 33. a3 Qc7 34. b4
Nxg3 35. e4 Nxf1+ 36. Rxf1 dxe4 37. Qxe4 Rd2 38. Rf2 axb4 39. axb4 Qd7 40. Qa8+
Kh7 41. Qf3 Rd3 42. Qxh5+ Rh6 43. Qf5+ Qxf5 44. Rxf5 Rhxh3+ 45. Kg2 Rhe3 46.
Kf2 Re4 47. b5 Rd2 48. b6 Rexe2+ 0-1

[Event "LIII Festival A"]
[Site "Imperia "]
[Date "2011.09.04"]
[Round "1"]
[White "Jirovsky, Milos"]
[Black "Lacrosse, Marc"]
[Result "1-0"]
[WhiteElo "2466"]
[BlackElo "2144"]
[PlyCount "77"]
[EventDate "2011.09.09"]
[EventType "swiss"]
[EventRounds "9"]
[EventCountry "ITA"]
[SourceDate "2005.09.12"]

1. Nf3 d5 2. c4 e6 3. g3 Nf6 4. Bg2 Be7 5. O-O O-O 6. d4 dxc4 7. Qc2 a6 8. Qxc4
b5 9. Qc2 Bb7 10. Bg5 Nbd7 11. Nbd2 c5 12. Bxf6 Bxf6 13. dxc5 Rc8 14. Nb3 Bd5
15. Nfd2 Bxg2 16. Kxg2 Be7 17. Rfd1 Nxc5 18. Ne4 Nxe4 19. Qxe4 Qb6 20. Rac1 Bf6
21. Rxc8 Rxc8 22. Rc1 Rxc1 23. Nxc1 g6 24. Nd3 Kg7 25. Kf3 Qa5 26. a3 Qd2 27.
Qb4 Qc2 28. h3 h5 29. Ke3 Qc6 30. Kd2 Qd7 31. Kc2 Qc6+ 32. Qc5 Qe4 33. Kd2 Qh1
34. h4 Qb1 35. e4 Qa2 36. e5 Bd8 37. Ke3 Qb3 38. Ke4 Qd1 39. Qd6 1-0

[Event "LIII Festival A"]
[Site "Imperia "]
[Date "2011.09.04"]
[Round "1"]
[White "Klaric, Zlatko"]
[Black "Finocchiaro, Gianluca"]
[Result "1-0"]
[WhiteElo "2422"]
[BlackElo "2108"]
[PlyCount "57"]
[EventDate "2011.09.09"]
[EventType "swiss"]
[EventRounds "9"]
[EventCountry "ITA"]
[SourceDate "2005.09.12"]

1. d4 c5 2. e3 Nf6 3. Nf3 cxd4 4. exd4 g6 5. Bd3 Bg7 6. O-O O-O 7. Re1 d5 8.
Qe2 Nc6 9. c3 Qc7 10. Ne5 Nxe5 11. Qxe5 Qxe5 12. dxe5 Nd7 13. Bf4 Nc5 14. Bc2
Rd8 15. Bg5 Kf8 16. Na3 Ne6 17. Bd2 a6 18. Rad1 b5 19. f4 Bb7 20. Be3 Rac8 21.
Bb6 Rd7 22. f5 gxf5 23. Bxf5 Rc6 24. Ba5 d4 25. Nc2 Rc5 26. cxd4 Rc4 27. b3 Rc8
28. Nb4 Rc3 29. d5 1-0

[Event "LIII Festival A"]
[Site "Imperia "]
[Date "2011.09.04"]
[Round "1"]
[White "Krouzel, Jaroslav"]
[Black "Kukov, Velislav"]
[Result "0-1"]
[WhiteElo "2133"]
[BlackElo "2425"]
[PlyCount "46"]
[EventDate "2011.09.09"]
[EventType "swiss"]
[EventRounds "9"]
[EventCountry "ITA"]
[SourceDate "2005.09.12"]

1. d4 Nf6 2. c4 Nc6 3. Nc3 e5 4. d5 Ne7 5. e4 Ng6 6. Nf3 Bc5 7. Be2 O-O 8. O-O
d6 9. Qd3 a5 10. Be3 Nd7 11. Na4 b6 12. Nxc5 Nxc5 13. Qc2 f5 14. Bxc5 bxc5 15.
exf5 Bxf5 16. Bd3 Bxd3 17. Qxd3 Nf4 18. Qe4 Qe8 19. g3 Qh5 20. Rae1 Rab8 21. b3
Rf6 22. Re3 Rbf8 23. Ne1 Nh3+ 0-1

[Event "LIII Festival A"]
[Site "Imperia "]
[Date "2011.09.04"]
[Round "1"]
[White "Luciani, Valerio"]
[Black "De Marco, Walter"]
[Result "1-0"]
[WhiteElo "2179"]
[BlackElo "1902"]
[PlyCount "63"]
[EventDate "2011.09.09"]
[EventType "swiss"]
[EventRounds "9"]
[EventCountry "ITA"]
[SourceDate "2005.09.12"]

1. d4 d5 2. c4 e6 3. Nc3 c6 4. e4 dxc4 5. Bxc4 Nf6 6. Nf3 Be7 7. O-O b5 8. Bd3
Bb7 9. Bg5 a6 10. e5 Nd5 11. Ne4 Qc7 12. Bxe7 Kxe7 13. Re1 Nd7 14. Rc1 Raf8 15.
Qd2 h6 16. Nd6 N7b6 17. Be4 Qd7 18. Qc2 Ba8 19. Nd2 f5 20. Bxd5 Nxd5 21. Qc5
Kd8 22. Nb3 Qc7 23. a4 Qb6 24. axb5 axb5 25. Ra1 Qxc5 26. Nxc5 Nb6 27. Nxe6+
Ke7 28. Nxf8 Rxf8 29. Ra7+ Ke6 30. Rea1 Kd5 31. R1a6 Rb8 32. Rxb6 1-0